Management international review journal of international business

Enregistré dans:
Détails bibliographiques
Format: Publication en série
Langue:anglais
Publié: Wiesbaden Betriebswistschaftlicher Verlag 1984
Tags: Ajouter un tag
Pas de tags, Soyez le premier à ajouter un tag!

MARC

LEADER 00000nas2a2200000 4500
001 s109415
005 20250730114202.8
022 |a 0025-181X 
041 0 |a eng 
044 |a DE 
245 1 0 |a Management international review  |b journal of international business 
264 1 |a Wiesbaden  |b Betriebswistschaftlicher Verlag  |c 1984 
300 |a 1 zv. 
773 0 |w eu_un_cat*s123494